| 000 | 01422nam a22002897a 4500 | ||
|---|---|---|---|
| 005 | 20170526153913.0 | ||
| 008 | 170526b xxu||||| |||| 00| 0 eng d | ||
| 010 | _aA-976500 | ||
| 020 |
_c00.00 _a8122301444 |
||
| 035 | _aA-976500 | ||
| 037 | _bCen Lib/Ret | ||
| 040 |
_aDPL _bHN |
||
| 082 | _a616.12 | ||
| 100 |
_aसत्यपाल _991670 |
||
| 245 |
_aहृदय रोग : _cसत्यपाल [और] परवीन कुमार _bयोग-आयुर्वेद एवं प्राकृतिक चिकित्सा द्वारा सफल निदान / |
||
| 246 |
_aHridey rog : yog-ayurved evam prakritik chikitsa dwara safal nidaan / _bby Satypal [and] Parveen Kumar |
||
| 260 |
_aदिल्ली _bपुस्तक महल _c2000 |
||
| 270 |
_a6686, खारी बावली _bदिल्ली _e110035 |
||
| 300 |
_a112पृ. : _c21सेमी(सजिल्द) _bसचित्र |
||
| 500 | _aअनुक्रमणिका शामिल | ||
| 650 |
_aहृदय रोग--उपचार _948235 |
||
| 650 |
_aहृदय रोग--योग द्वारा उपचार _991671 |
||
| 650 |
_aHeart Disease--Treatment _991672 |
||
| 650 |
_aCardiovascular disease--treatment by Yoga _991673 |
||
| 700 |
_aपरवीन कुमार _991674 |
||
| 942 |
_2ddc _cHN _h616.12 _mसत्यपा |
||
| 999 |
_c120631 _d120631 |
||